[Event "Mechanics' Winter TNM; 30/90, SD/30"]
[Site "San Francisco"]
[Date "2013.01.08"]
[Round "1.20"]
[White "Rakonitz, David"]
[Black "LaCounte, Brendan"]
[Result "1/2-1/2"]
[WhiteElo "1490"]
[BlackElo "1974"]
[Annotator "Donaldson"]
[PlyCount "162"]
[EventDate "2013.??.??"]

1. d4 e6 2. Nf3 d5 3. c4 Nf6 4. Nc3 Be7 5. Bg5 O-O 6. e3 h6 7. Bh4 b6 8. cxd5
Nxd5 9. Bxe7 Qxe7 10. Be2 Nxc3 11. bxc3 Bb7 12. O-O Nd7 13. Qc2 Nf6 14. Ne5 c5
15. Bf3 Rac8 16. Bxb7 Qxb7 17. Qd3 Rfd8 18. Rac1 Qc7 19. h3 Qxe5 20. dxe5 Rxd3
21. exf6 gxf6 22. Rc2 Rcd8 23. Rfc1 c4 24. Kf1 Rd1+ 25. Ke2 Rxc1 (25... R8d2+
$1) 26. Rxc1 Rd3 27. Rc2 e5 28. Kf3 f5 29. g3 Kg7 30. Ke2 Kf6 31. h4 h5 32. Ke1
f4 33. gxf4 exf4 34. exf4 Rh3 35. Ke2 Kf5 36. Rd2 Rxc3 37. Rd4 Rc2+ 38. Kf3
Rxa2 39. Rxc4 Ra3+ 40. Kg2 Kg4 41. Rc7 f5 42. Rg7+ Kxf4 43. Rg5 Rc3 44. Rxh5
Rc7 45. Rg5 b5 46. Rg6 b4 47. Ra6 b3 (47... Rb7 $19) 48. Ra4+ Ke5 49. Rb4 Rc3
50. f3 Rc2+ 51. Kg3 b2 52. h5 Kf6 53. Kf4 Rc4+ 54. Rxc4 b1=Q 55. Rc6+ Kg7 56.
Kg5 Qg1+ 57. Kxf5 Qb1+ 58. Kg4 a5 59. Rc7+ Kh6 60. Rc6+ Kh7 61. Rc7+ Kg8 62.
Rc8+ Kf7 63. Ra8 Qb4+ 64. f4 Qb6 65. Kg3 Qe3+ 66. Kg4 Qe6+ 67. Kg3 Qf5 68. Ra7+
Ke8 69. h6 Qg6+ 70. Kf3 Qxh6 71. Rxa5 Qc6+ 72. Kg4 Qg2+ 73. Kf5 Qh3+ 74. Ke4
Qg2+ 75. Kf5 Qc2+ 76. Kg4 Qe2+ 77. Kg5 Qg2+ 78. Kf5 Qh3+ 79. Ke4 Qg2+ 80. Kf5
Qc2+ 81. Kg4 Qe2+ {
Black played the last 30 moves with under ten seconds on his clock.} 1/2-1/2

[Event "Mechanics' Fall TNM; 30/90, SD/30"]
[Site "San Francisco"]
[Date "2013.12.17"]
[Round "9.8"]
[White "Rakonitz, David"]
[Black "Malvar, Melchor"]
[Result "1/2-1/2"]
[WhiteElo "1477"]
[BlackElo "1619"]
[PlyCount "56"]
[EventDate "2013.??.??"]

1. d4 c5 2. dxc5 Qa5+ 3. Nc3 Qxc5 4. Nf3 Nf6 5. Qd4 Qxd4 6. Nxd4 a6 7. e4 d6 8.
Bd3 Nbd7 9. O-O e5 10. Nb3 Be7 11. f3 O-O 12. Be3 b5 13. Na5 Nc5 14. Nc6 Bd8
15. Nxd8 Rxd8 16. Rfd1 Bb7 17. Bg5 h6 18. Bh4 g5 19. Bf2 Bc6 20. b4 Ncd7 21.
Bf1 Ne8 22. Ne2 Ndf6 23. Ng3 Bd7 24. Rac1 Rdc8 25. a3 Be6 26. Bd3 Rc6 27. Be1
Rac8 28. c3 Kg7 1/2-1/2

[Event "Mechanics' Neil Falconer TNM; 30/90, SD"]
[Site "San Francisco"]
[Date "2013.09.24"]
[Round "8.20"]
[White "Rakonitz, David"]
[Black "Salvo, Tab"]
[Result "1-0"]
[WhiteElo "1527"]
[BlackElo "1663"]
[PlyCount "117"]
[EventDate "2013.??.??"]

1. d4 Nf6 2. Nf3 g6 3. c4 c5 4. dxc5 Qa5+ 5. Nc3 Qxc5 6. Qd4 Qxd4 7. Nxd4 Bg7
8. Ndb5 Na6 9. e4 d6 10. Be2 O-O 11. O-O Nc5 12. f3 Be6 13. Nc7 Rac8 14. Nxe6
Nxe6 15. Be3 a6 16. Rac1 Rfe8 17. Rc2 Nd7 18. Rd1 Ndc5 19. Rdc1 Nd7 20. a3 Nd4
21. Bxd4 Bxd4+ 22. Kf1 Nc5 23. Nd5 e6 24. Rd1 Bg7 25. Nb4 a5 26. Na2 Red8 27.
Nc1 Na4 28. Nd3 d5 29. b3 Nc3 30. Rdc1 d4 31. e5 b6 32. f4 h5 33. h4 Rf8 34.
Bf3 f6 35. exf6 Rxf6 36. g3 Kh7 37. Re1 Rc7 38. Rd2 Kh6 39. Ne5 Rf5 40. Nc6 e5
41. Nxe5 Bxe5 42. Rxe5 Rxe5 43. fxe5 Rf7 44. Kg2 Re7 45. Rxd4 Rxe5 46. Rd3 Nb1
47. a4 Na3 48. Rc3 Nb1 49. Rd3 Re6 50. Kf2 Na3 51. Rc3 Nb1 52. Rd3 Na3 53. Rc3
Nb1 54. Rd3 Rf6 55. Ke2 Re6+ 56. Kd1 Kg7 57. Kc2 Re1 58. Bd1 Na3+ 59. Kb2 1-0

[Event "Mechanics' Fall TNM; 30/90, SD/30"]
[Site "San Francisco"]
[Date "2013.11.19"]
[Round "5.16"]
[White "Rakonitz, David"]
[Black "Sherwood, Peter"]
[Result "1/2-1/2"]
[WhiteElo "1521"]
[BlackElo "1817"]
[Annotator "Sherwood"]
[PlyCount "161"]
[EventDate "2013.??.??"]

1. d4 Nf6 2. Nf3 g6 3. c4 Bg7 4. Nc3 d5 5. Bg5 Ne4 6. Bf4 Nxc3 7. bxc3 dxc4 8.
Qa4+ Bd7 9. Qxc4 Na6 10. e4 O-O 11. Be2 c5 12. O-O cxd4 13. cxd4 Rc8 14. Qb3
Qb6 15. Qxb6 axb6 16. Rac1 e6 17. a3 Bc6 18. Bd3 Rfd8 19. Be3 Nc5 20. Bc2 Nxe4
21. d5 Bxd5 22. Bxb6 Re8 23. Ba4 Bc6 24. Bxc6 Rxc6 25. Rxc6 bxc6 26. Rc1 Bb2
27. Rxc6 Bxa3 28. g3 Kf8 29. Rc4 Nf6 30. Bd4 Nd5 31. Ng5 h6 32. Nf3 Bd6 33. Rc6
Ke7 34. Ra6 Rc8 35. Ra7+ Rc7 36. Kf1 Rxa7 37. Bxa7 e5 38. Ke2 Ke6 39. Kd3 f5
40. Nd2 Bb4 41. Nc4 Nf6 42. f3 Nd7 43. Be3 h5 44. Bf2 Bc5 45. Be3 Kd5 46. Nd2
Bb4 47. Nf1 e4+ 48. Ke2 Ne5 49. Bd2 exf3+ 50. Kf2 Bc5+ 51. Be3 Bxe3+ 52. Kxe3
g5 53. Nd2 g4 54. Kf2 Kd4 55. Nb3+ Kd3 56. Nc5+ Kd2 57. Ne6 Nd3+ 58. Kf1 Ke3 (
58... f2 59. Ng7 (59. Nf4 $2 Nxf4 60. gxf4 Ke3) 59... Ke3 (59... f4 60. Nxh5 f3
61. Nf6 Ne5 62. Ne4+ Ke3 63. Nxf2) 60. Nxf5+ Kf3 61. Nh4+ Ke3 62. Nf5+ $11) (
58... f4 $1 {(Fritz)} 59. gxf4 (59. Nxf4 Nxf4 60. gxf4 Ke3 61. f5 h4 62. f6 g3)
59... Ke3 60. f5 h4 61. Ng5 Nf4 62. f6 g3 63. hxg3 hxg3 64. Nxf3 (64. f7 $2 f2
65. f8=Q g2#) 64... g2+ 65. Ke1 Kxf3 $19) 59. Ng7 f4 $2 (59... Ke4) 60. Nxh5
fxg3 61. Nxg3 Nf4 62. Nf5+ Ke4 63. Nh6 Nh3 64. Nxg4 Kf4 65. Nf2 Ng5 66. Ke1 Ke3
67. Ng4+ Kf4 68. Nf2 Nf7 69. Kf1 Ne5 70. Ke1 $138 Ke3 71. Nd1+ Kf4 72. Nf2 Nc4
73. Nd3+ Ke3 74. Nf2 Kd4 75. h4 Ke5 76. h5 Kf5 77. h6 Kg6 78. h7 Kxh7 79. Nh3
Kg6 80. Kf2 Ne5 81. Ng1 1/2-1/2

[Event "Mechanics' Neil Falconer TNM; 30/90, SD"]
[Site "San Francisco"]
[Date "2013.08.13"]
[Round "2.22"]
[White "Rakonitz, David"]
[Black "Shnaiderman, Lazar"]
[Result "0-1"]
[WhiteElo "1527"]
[BlackElo "1800"]
[PlyCount "94"]
[EventDate "2013.??.??"]

1. d4 Nf6 2. Nf3 e6 3. c4 Bb4+ 4. Bd2 Qe7 5. a3 Bxd2+ 6. Qxd2 O-O 7. Nc3 d6 8.
e3 e5 9. Qc2 Bg4 10. Be2 Bxf3 11. Bxf3 Nc6 12. Bxc6 bxc6 13. O-O e4 14. Rac1
Rab8 15. Rfd1 Rfe8 16. d5 cxd5 17. Nxd5 Nxd5 18. Rxd5 Qf6 19. b4 Re5 20. Rcd1
Rbe8 21. Qc1 Rxd5 22. Rxd5 Re5 23. Rd4 Qe7 24. Qd2 g6 25. h3 h5 26. Rd5 Rxd5
27. Qxd5 Kh7 28. c5 dxc5 29. Qxc5 Qxc5 30. bxc5 Kg7 31. Kf1 Kf6 32. Ke2 Ke5 33.
Kd2 Kd5 34. c6 Kxc6 35. Kc3 Kd5 36. h4 Kc5 37. f3 f5 38. Kb3 Kd5 39. f4 c5 40.
Kc3 a5 41. Kb3 c4+ 42. Kc3 Kc5 43. Kc2 Kb5 44. Kc3 Ka4 45. Kxc4 Kxa3 46. Kc3
Ka2 47. Kc2 a4 0-1

[Event "Mechanics' Spring TNM; 30/90, SD/30"]
[Site "San Francisco"]
[Date "2013.04.02"]
[Round "3.21"]
[White "Ramachandran, Jayakrishnan"]
[Black "Bekhtur, Bayaraa"]
[Result "1-0"]
[WhiteElo "1843"]
[BlackElo "1649"]
[PlyCount "65"]
[EventDate "2013.??.??"]

1. e4 c5 2. Nf3 d6 3. d4 cxd4 4. Nxd4 Nf6 5. Nc3 g6 6. g3 Bg7 7. Bg2 Nc6 8.
Nxc6 bxc6 9. e5 Nd5 10. Nxd5 cxd5 11. Qxd5 Be6 12. Qxa8 O-O 13. Qxd8 Rxd8 14.
O-O Bxe5 15. c3 a5 16. f4 Bf6 17. Be3 Rb8 18. Rf2 Bg7 19. Bd4 f6 20. Re1 Kf7
21. Rfe2 Bxa2 22. Rxe7+ Kf8 23. R7e2 Bc4 24. Rd2 d5 25. Bc5+ Kg8 26. Bxd5+ Bxd5
27. Rxd5 h5 28. Ba3 Ra8 29. Rd7 g5 30. fxg5 fxg5 31. Ree7 Bf8 32. Rf7 Bxa3 33.
bxa3 1-0

[Event "Mechanics' Spring TNM; 30/90, SD/30"]
[Site "San Francisco"]
[Date "2013.04.23"]
[Round "6.12"]
[White "Ramachandran, Jayakrishnan"]
[Black "Uzzaman, Ashik"]
[Result "0-1"]
[WhiteElo "1843"]
[BlackElo "1987"]
[PlyCount "84"]
[EventDate "2013.??.??"]

1. e4 c5 2. Nf3 Nc6 3. d4 cxd4 4. Nxd4 g6 5. Be3 Nf6 6. Nc3 Bg7 7. g3 O-O 8. h3
d5 9. Bg2 Nxd4 10. Bxd4 dxe4 11. O-O Bf5 12. g4 Be6 13. Nxe4 Nxe4 14. Bxg7 Kxg7
15. Bxe4 Qb6 16. Qe2 Rfd8 17. b3 Rd7 18. Rfd1 Rad8 19. Rxd7 Rxd7 20. Rd1 Qd8
21. Rxd7 Qxd7 22. Qd3 Qxd3 23. Bxd3 g5 24. f3 h6 25. Kf2 Kf6 26. Ke3 Ke5 27. c4
Bd7 28. b4 e6 29. b5 f5 30. Be2 Be8 31. a4 b6 32. Bf1 Bg6 33. Bd3 Bh7 34. Bc2
$2 f4+ 35. Kd2 Bxc2 36. Kxc2 Kd4 37. Kb3 e5 38. Kb4 e4 39. c5 bxc5+ 40. Ka5
exf3 41. Ka6 f2 42. Kxa7 f1=Q 0-1

[Event "Mechanics' Neil Falconer TNM; 30/90, SD"]
[Site "San Francisco"]
[Date "2013.08.06"]
[Round "1.24"]
[White "Reyes, Robert"]
[Black "Krasnov, Steven"]
[Result "0-1"]
[WhiteElo "1351"]
[BlackElo "1862"]
[PlyCount "106"]
[EventDate "2013.??.??"]

1. d4 Nf6 2. Nc3 d5 3. e3 g6 4. Nf3 Bg7 5. Bd3 O-O 6. O-O Nc6 7. b3 Re8 8. Re1
e5 9. dxe5 Nxe5 10. Nxe5 Rxe5 11. Bb2 Re8 12. f3 c6 13. Rb1 b5 14. a4 b4 15.
Na2 Qb6 16. Qd2 a5 17. c3 Rb8 18. cxb4 axb4 19. Kh1 Be6 20. Bd4 c5 21. Ba1 Red8
22. Bc2 Qc7 23. Rbc1 Qe7 24. Red1 Bh6 25. Be5 Rb7 26. Qf2 Nd7 27. Ba1 f6 28.
Qh4 Qf8 29. f4 Bg7 30. Qg3 c4 31. Qf3 Nc5 32. Rb1 c3 33. Nxb4 Rxb4 34. Bxc3
Rbb8 35. b4 Na6 36. b5 Qc5 37. bxa6 Qxc3 38. Qf2 Qa5 39. Qf1 Ra8 40. Qb5 Qxa6
41. Qxa6 Rxa6 42. Kg1 Bf8 43. h3 Bc5 44. Kf2 d4 45. Kf3 f5 46. g4 Bd5+ 47. e4
fxe4+ 48. Bxe4 Bxe4+ 49. Kxe4 Rxa4 50. Rd3 Ra3 51. Rxa3 Bxa3 52. Rd1 Bb2 53.
Kd3 Re8 0-1

[Event "Mechanics' Summer TNM; 30/90, SD/30"]
[Site "San Francisco"]
[Date "2013.07.02"]
[Round "6.27"]
[White "Reyes, Robert"]
[Black "Olson, David"]
[Result "1/2-1/2"]
[WhiteElo "1241"]
[BlackElo "1519"]
[PlyCount "56"]
[EventDate "2013.??.??"]

1. e4 e5 2. Nf3 Nc6 3. d4 exd4 4. c3 dxc3 5. Nxc3 Bb4 6. Nd4 Nf6 7. Nxc6 bxc6
8. Qd4 c5 9. Qe5+ Kf8 10. Bg5 d6 11. Bxf6 gxf6 12. Qh5 Be6 13. Be2 Kg7 14. O-O
Bxc3 15. bxc3 Rb8 16. c4 Rb2 17. f4 Qe7 18. Rf3 Rxe2 19. Rg3+ Kf8 20. Qxe2 Bd7
21. f5 Bc6 22. Qg4 Ke8 23. Rb1 Kd7 24. Re3 h5 25. Qf4 Rg8 26. Qf1 d5 27. Rd1 d4
28. h3 Rg7 1/2-1/2

[Event "Mechanics' Summer TNM; 30/90, SD/30"]
[Site "San Francisco"]
[Date "2013.05.28"]
[Round "1.28"]
[White "Reyes, Robert"]
[Black "Royzen, Igor"]
[Result "0-1"]
[WhiteElo "1241"]
[BlackElo "1844"]
[PlyCount "118"]
[EventDate "2013.??.??"]

1. e4 c5 2. c3 Nf6 3. e5 Nd5 4. Bc4 Nb6 5. Bb3 Nc6 6. d4 cxd4 7. cxd4 d5 8. Nc3
Bf5 9. Nf3 e6 10. Bg5 Be7 11. Bxe7 Qxe7 12. a3 O-O 13. O-O Na5 14. Bc2 Bxc2 15.
Qxc2 Rac8 16. Rac1 Nac4 17. Qb3 Rc6 18. Nb5 a6 19. Nc3 Rfc8 20. Rc2 Na5 21. Qa2
Na4 22. Rfc1 Nxc3 23. Rxc3 Rxc3 24. Rxc3 Rxc3 25. bxc3 Qc7 26. Qb2 b5 27. Qc2
h6 28. Nd2 Nc4 29. Nxc4 Qxc4 30. f4 a5 31. Qb2 Qa4 32. Kf2 Qd1 33. Qxb5 Qd2+
34. Qe2 Qxc3 35. Qe3 Qb2+ 36. Kf3 a4 37. h4 Kf8 38. g4 Qh2 39. Qf2 Qh3+ 40. Qg3
Qf1+ 41. Qf2 Qd1+ 42. Kg3 Qb3+ 43. Qf3 Ke7 44. Kf2 Qb2+ 45. Ke1 Qc1+ 46. Ke2
Qb2+ 47. Kd1 Qxd4+ 48. Kc2 Kd7 49. f5 Qxe5 50. fxe6+ Kxe6 51. Qd3 Qe4 52. Qxe4+
dxe4 53. Kd2 Kd5 54. Ke3 Ke5 55. h5 f6 56. Kf2 Kf4 57. Ke2 Kxg4 58. Ke3 f5 59.
Kf2 f4 0-1

[Event "Mechanics' Neil Falconer TNM; 30/90, SD"]
[Site "San Francisco"]
[Date "2013.08.20"]
[Round "3.11"]
[White "Rich, Albert"]
[Black "Gullickson, William"]
[Result "1-0"]
[WhiteElo "2204"]
[BlackElo "1669"]
[PlyCount "69"]
[EventDate "2013.??.??"]

1. e4 c5 2. f4 Nc6 3. Nf3 d6 4. Bb5 Bd7 5. O-O a6 6. Bxc6 Bxc6 7. d3 e6 8. b3
Qc7 9. Bb2 O-O-O 10. Nbd2 Ne7 11. Ng5 Be8 12. Nc4 h6 13. Nh3 Nc6 14. Nf2 b5 15.
Ne3 Rg8 16. c4 Kb7 17. cxb5 axb5 18. a4 b4 19. d4 d5 20. exd5 exd5 21. Nd3 c4
22. bxc4 dxc4 23. Nxc4 Nxd4 24. Rc1 Kb8 25. Kh1 Qb7 26. Qe1 Qe7 27. Qf2 Qa7 28.
Rcd1 Nc6 29. Qg3 f5 30. Nde5 Rc8 31. Qb3 Bc5 32. Nd6 Bh5 33. Nxc8 Rxc8 34.
Nxc6+ Rxc6 35. Be5+ 1-0

[Event "Mechanics' Neil Falconer TNM; 30/90, SD"]
[Site "San Francisco"]
[Date "2013.09.10"]
[Round "6.4"]
[White "Rich, Albert"]
[Black "Niemann, Hans"]
[Result "1-0"]
[WhiteElo "2204"]
[BlackElo "1835"]
[Annotator "Donaldson"]
[PlyCount "65"]
[EventDate "2013.??.??"]

1. d4 Nf6 2. Nf3 c5 3. d5 e6 4. c4 exd5 5. cxd5 d6 6. Nc3 g6 7. Bf4 Bg7 8. Qa4+
Bd7 9. Qb3 Qc7 10. e4 O-O 11. Bd3 Re8 12. O-O a6 13. e5 dxe5 14. Nxe5 Nh5 15.
d6 Be6 16. dxc7 Bxb3 17. cxb8=Q Raxb8 18. Nxg6 Rbd8 19. Be2 Rxe2 20. Nxe2 Bc4
21. Ne7+ Kf8 22. Rfe1 Bxe2 (22... Kxe7 23. Ng3+) 23. Bc7 Rd2 24. Nf5 Bxb2 25.
Ba5 Bxa1 26. Bxd2 Bd3 27. Bh6+ Bg7 28. Nxg7 Nxg7 29. Re5 c4 30. Rg5 Bg6 31. Rc5
b5 32. Rc8+ Ke7 33. Bxg7 1-0

[Event "Mechanics' Neil Falconer TNM; 30/90, SD"]
[Site "San Francisco"]
[Date "2013.09.24"]
[Round "8.5"]
[White "Rich, Albert"]
[Black "Uzzaman, Ashik"]
[Result "1-0"]
[WhiteElo "2204"]
[BlackElo "1908"]
[PlyCount "129"]
[EventDate "2013.??.??"]

1. d4 Nf6 2. Nf3 e6 3. Bg5 h6 4. Bh4 d5 5. e3 Be7 6. c4 O-O 7. Nc3 b6 8. Bxf6
Bxf6 9. cxd5 exd5 10. Bd3 Be6 11. Rc1 Nd7 12. Bb1 c5 13. O-O g6 14. dxc5 bxc5
15. Nxd5 Bxb2 16. Rc2 Rb8 17. Rd2 Nf6 18. Nb4 Qb6 19. Nd3 Ba3 20. Qa4 Bb4 21.
Nxb4 Qxb4 22. Qxb4 Rxb4 23. Rc1 Rfb8 24. Bd3 c4 25. Bf1 Ne4 26. Rdc2 Rb2 27.
Nd4 Bd5 28. f3 Nd2 29. e4 Be6 30. Nxe6 fxe6 31. Be2 Kf7 32. Kf2 Kf6 33. Ke3 c3
34. Rxc3 Rxa2 35. f4 Nxe4 36. R3c2 Rxc2 37. Rxc2 Nd6 38. Ra2 Rb7 39. g4 Rc7 40.
Ra6 Ke7 41. h4 Nc8 42. Bd3 Kf7 43. f5 gxf5 44. gxf5 Nb6 45. fxe6+ Kxe6 46. Be4
Kf6 47. Ra1 Re7 48. Rg1 Rg7 49. Rf1+ Ke6 50. Rc1 Nd5+ 51. Kd4 Ne7 52. Rc5 Rg4
53. Rh5 Ng8 54. Re5+ Kd6 55. Rd5+ Kc7 56. Rc5+ Kb6 57. Rc8 a5 58. Rb8+ Kc7 59.
Rb7+ Kd6 60. Rb6+ Ke7 61. Ke5 Rxh4 62. Rb7+ Kf8 63. Rb8+ Kg7 64. Rb7+ Kh8 $4
65. Rh7# 1-0

[Event "Mechanics' Neil Falconer TNM; 30/90, SD"]
[Site "San Francisco"]
[Date "2013.09.03"]
[Round "5.3"]
[White "Rich, Albert"]
[Black "Winslow, Elliott"]
[Result "1/2-1/2"]
[WhiteElo "2204"]
[BlackElo "2298"]
[PlyCount "97"]
[EventDate "2013.??.??"]

1. e4 c5 2. c3 e6 3. d4 d5 4. exd5 exd5 5. Nf3 Bd6 6. dxc5 Bxc5 7. Bb5+ Nc6 8.
O-O Nge7 9. Nbd2 O-O 10. Nb3 Bb6 11. Re1 Bg4 12. h3 Bh5 13. Be3 Bc7 14. Bc5 Re8
15. Bxc6 bxc6 16. Nbd4 Bd6 17. b4 a5 18. Nxc6 Nxc6 19. Rxe8+ Qxe8 20. Bxd6 Qe6
21. Bg3 axb4 22. cxb4 Nxb4 23. Qd2 Bxf3 24. Qxb4 Be2 25. Re1 Qa6 26. a3 h6 27.
Be5 f6 28. Bb2 Qb5 29. Qd2 Re8 30. a4 Qc4 31. a5 Kf7 32. Ra1 Re6 33. Rc1 Qb5
34. Rc7+ Re7 35. Rxe7+ Kxe7 36. Qe3+ Kf7 37. Qb6 Qc4 38. Qb7+ Kg6 39. Ba3 h5
40. Bb2 Kh6 41. Qb6 Kg6 42. Qd8 Qb5 43. Qb6 Qd3 44. Qe3 Qxe3 45. fxe3 Kf5 46.
Kf2 Ba6 47. Bd4 Ke4 48. Kg3 Kf5 49. Kf2 1/2-1/2

[Event "Mechanics' Spring TNM; 30/90, SD/30"]
[Site "San Francisco"]
[Date "2013.04.09"]
[Round "4.32"]
[White "Rosenstein, Perry"]
[Black "Campers, Willie"]
[Result "1-0"]
[WhiteElo "1513"]
[BlackElo "1661"]
[PlyCount "57"]
[EventDate "2013.??.??"]

1. e4 e6 2. Nf3 c6 3. d4 d5 4. exd5 exd5 5. c4 Nf6 6. Nc3 Bb4 7. Be2 O-O 8. O-O
Bg4 9. cxd5 Nxd5 10. Qb3 Bxc3 11. bxc3 b5 12. Re1 Re8 13. Bd2 Nd7 14. Ne5 Nxe5
15. dxe5 Be6 16. Qc2 Ne7 17. Bd3 Ng6 18. f4 Bd5 19. Rad1 Qh4 20. g3 Qh3 21. Be4
Rad8 22. Bxd5 Rxd5 23. c4 Rc5 24. Re4 Rd8 25. Bb4 Rxd1+ 26. Qxd1 h5 27. Bxc5 h4
28. Qf3 hxg3 29. Qxg3 1-0

[Event "Mechanics' Spring TNM; 30/90, SD/30"]
[Site "San Francisco"]
[Date "2013.03.26"]
[Round "2.29"]
[White "Rosenstein, Perry"]
[Black "Flores, David"]
[Result "1-0"]
[WhiteElo "1513"]
[BlackElo "1695"]
[PlyCount "35"]
[EventDate "2013.??.??"]

1. e4 e5 2. Bc4 Nf6 3. d4 Nc6 4. Nf3 Be7 5. O-O O-O 6. dxe5 Nxe4 7. Qe2 Ng5 8.
Bxg5 Bxg5 9. Rd1 Bh6 10. Nc3 Na5 11. e6 fxe6 12. Bxe6+ Kh8 13. Ne5 Qe8 14. Bf7
Rxf7 15. Ng6+ hxg6 16. Qxe8+ Kh7 17. Qxf7 Nc6 18. Ne4 1-0

[Event "Mechanics' Spring TNM; 30/90, SD/30"]
[Site "San Francisco"]
[Date "2013.04.23"]
[Round "6.28"]
[White "Rosenstein, Perry"]
[Black "MacIntyre, Brendan"]
[Result "0-1"]
[WhiteElo "1513"]
[BlackElo "1655"]
[PlyCount "78"]
[EventDate "2013.??.??"]

1. e4 c5 2. Nf3 Nc6 3. d4 cxd4 4. Nxd4 g6 5. Be3 Bg7 6. c4 Nf6 7. Nc3 O-O 8.
Qd2 Ng4 9. Nxc6 dxc6 10. O-O-O Qa5 11. Kb1 Nxe3 12. Qxe3 Be6 13. h4 h5 14. Be2
Qb4 15. g4 Bxc4 16. Bxc4 Qxc4 17. gxh5 Rfd8 18. hxg6 Rxd1+ 19. Rxd1 fxg6 20. e5
Qxh4 21. f4 Qg4 22. Rg1 Qf5+ 23. Ka1 Bh6 24. Ne2 Kf7 25. e6+ Ke8 26. Rh1 Bg7
27. Nd4 Qf6 28. Qe4 Rd8 29. Rd1 Rd6 30. Rd2 Kf8 31. f5 Rxd4 32. Qe3 gxf5 33. a3
Rxd2 34. Qxd2 Qxe6 35. Qd8+ Kf7 36. Qd1 f4 37. Qh5+ Qg6 38. Qf3 Qg3 39. Qh5+
Kf6 0-1

[Event "Mechanics' Fall TNM; 30/90, SD/30"]
[Site "San Francisco"]
[Date "2013.11.12"]
[Round "4.20"]
[White "Ross, David"]
[Black "Abraham, Renjish"]
[Result "1-0"]
[WhiteElo "1136"]
[BlackElo "1862"]
[Annotator "Winslow,Elliott C"]
[PlyCount "44"]
[EventDate "2013.??.??"]

1. e4 c5 2. Nf3 d6 3. d4 cxd4 4. Nxd4 Nf6 5. Nc3 a6 6. a4 Qc7 7. Be2 e6 8. O-O
Nc6 9. Be3 Be7 10. Qd2 O-O 11. Rad1 d5 12. exd5 exd5 13. Rfe1 Bd6 14. h3 Be6
15. Nf3 Rad8 16. Bd3 Kh8 (16... d4 17. Nxd4 Nxd4 18. Bxd4 Bh2+ 19. Kh1 Rxd4 20.
Bxh7+ Kxh7 21. Qxd4 Bf4 $15) 17. Bg5 Rg8 18. Bxf6 gxf6 19. Qh6 Rg7 20. Qxf6 Be7
21. Qh6 Rdg8 22. Kf1 Rxg2 $4 1-0

[Event "Mechanics' Fall TNM; 30/90, SD/30"]
[Site "San Francisco"]
[Date "2013.11.26"]
[Round "6.22"]
[White "Ross, David"]
[Black "Bekhtur, Bayaraa"]
[Result "0-1"]
[WhiteElo "1136"]
[BlackElo "1816"]
[PlyCount "60"]
[EventDate "2013.??.??"]

1. e4 e5 2. Nf3 d6 3. d4 exd4 4. Nxd4 Be7 5. Nc3 Nf6 6. Be2 O-O 7. O-O Nbd7 8.
Nf5 b6 9. f3 Ne5 10. Nxe7+ Qxe7 11. Bg5 h6 12. Nd5 Qd8 13. Nxf6+ gxf6 14. Bxh6
Re8 15. Qe1 Kh7 16. Qh4 Ng6 17. Qh5 Re5 18. Bg5+ Kg8 19. f4 Nxf4 20. Rxf4 Rxg5
21. Qf3 Bb7 22. Bc4 Kg7 23. Rxf6 Qxf6 24. Qxf6+ Kxf6 25. Rf1+ Ke5 26. Rxf7 Bxe4
27. g3 Kd4 28. Rxc7 Ke3 29. Re7 d5 30. Bxd5 Rxd5 0-1

[Event "Mechanics' Neil Falconer TNM; 30/90, SD"]
[Site "San Francisco"]
[Date "2013.10.01"]
[Round "9.27"]
[White "Ross, David"]
[Black "Gomboluudev, Enkhjin"]
[Result "1-0"]
[WhiteElo "1075"]
[BlackElo "1125"]
[PlyCount "65"]
[EventDate "2013.??.??"]

1. e4 e5 2. Nf3 Nc6 3. Bb5 Nf6 4. O-O Bc5 5. c3 d5 6. exd5 Qxd5 7. d4 exd4 8.
cxd4 Bb6 9. Nc3 Qd6 10. d5 O-O 11. dxc6 Qxd1 12. Rxd1 Ng4 13. Rd2 h6 14. cxb7
Bxb7 15. Ba4 Rad8 16. h3 Rxd2 17. Bxd2 Nxf2 18. Kf1 Bxf3 19. gxf3 Nxh3 20. Kg2
Nf2 21. Bc2 Rd8 22. Be1 Nd3 23. Bxd3 Rxd3 24. Na4 Bd4 25. Rc1 Be5 26. b3 f6 27.
Nc5 Rd6 28. Rc2 g5 29. Bg3 Bxg3 30. Kxg3 h5 31. Ne4 Re6 32. Rxc7 Rb6 33. Rxa7
1-0

[Event "Mechanics' Fall TNM; 30/90, SD/30"]
[Site "San Francisco"]
[Date "2013.12.10"]
[Round "8.18"]
[White "Ross, David"]
[Black "Niemann, Hans"]
[Result "0-1"]
[WhiteElo "1136"]
[BlackElo "1800"]
[PlyCount "52"]
[EventDate "2013.??.??"]

1. e4 c5 2. Nf3 d6 3. d4 cxd4 4. Nxd4 Nf6 5. Nc3 g6 6. Be3 Bg7 7. f3 O-O 8. Qd2
Nc6 9. Bc4 Bd7 10. O-O-O Rc8 11. Bb3 a5 12. a3 Nxd4 13. Bxd4 b5 14. Nd5 Nxd5
15. Bxg7 Kxg7 16. Bxd5 Qc7 17. Kb1 b4 18. axb4 axb4 19. c3 bxc3 20. Qxc3+ Qxc3
21. bxc3 Rxc3 22. Kb2 Rc5 23. Rd3 Rfc8 24. Bb3 Rb8 25. Rc1 Be6 26. Rxc5 dxc5
0-1

[Event "Mechanics' Neil Falconer TNM; 30/90, SD"]
[Site "San Francisco"]
[Date "2013.08.06"]
[Round "1.28"]
[White "Ross, David"]
[Black "Niemann, Hans"]
[Result "0-1"]
[WhiteElo "1075"]
[BlackElo "1835"]
[PlyCount "62"]
[EventDate "2013.??.??"]

1. e4 e6 2. d4 c5 3. c3 Nf6 4. Nd2 Nc6 5. Ngf3 d5 6. e5 Ne4 7. Nxe4 dxe4 8. Nd2
cxd4 9. Nxe4 Nxe5 10. cxd4 Nc6 11. Bb5 Qd5 12. Bxc6+ bxc6 13. Qd3 f5 14. Ng3
Qxg2 15. Bf4 Bb4+ 16. Bd2 Bxd2+ 17. Qxd2 O-O 18. Rc1 f4 19. f3 Qxd2+ 20. Kxd2
fxg3 21. hxg3 Rxf3 22. Rxc6 Rf2+ 23. Kc3 Bb7 24. d5 exd5 25. Rc7 d4+ 26. Kxd4
Bxh1 27. Kc3 Be4 28. Kd4 Re8 29. Rxa7 Rxb2 30. Ra4 Rd2+ 31. Ke3 Rd3+ 0-1

[Event "Mechanics' Neil Falconer TNM; 30/90, SD"]
[Site "San Francisco"]
[Date "2013.08.20"]
[Round "3.32"]
[White "Ross, David"]
[Black "Reyes, Robert"]
[Result "0-1"]
[WhiteElo "1075"]
[BlackElo "1351"]
[Annotator "Donaldson"]
[PlyCount "88"]
[EventDate "2013.??.??"]

1. e4 e6 2. d4 d5 3. Nc3 Nc6 4. e5 Bb4 5. a3 Bxc3+ 6. bxc3 Bd7 7. Qg4 g6 8. Bd3
Nge7 9. Nf3 h6 10. Qh4 Nf5 11. Qh3 h5 12. g4 Ng7 13. Bg5 Qc8 14. Bf6 Kf8 15.
Ng5 Kg8 16. gxh5 Rxh5 17. Qf3 Qf8 18. Rg1 Be8 19. Nh3 Ne7 20. Rg5 (20. Bxg7
Qxg7 21. Qxh5 gxh5 22. Rxg7+ Kxg7 23. Kd2 $14) 20... Rxg5 21. Nxg5 Nh5 22. Kd2
Nf5 23. Rg1 Nxf6 24. exf6 Qh6 25. Rg2 Rd8 26. Ke1 $4 Rd6 (26... Nh4) 27. Bxf5
exf5 28. Qe3 Bc6 29. Qe7 Rd7 30. Qe8+ Qf8 31. Qxf8+ Kxf8 32. Nf3 Rd6 33. Ne5
Rxf6 34. f4 Kg7 35. Kd2 Bb5 36. Rg1 Re6 37. Rb1 a6 38. Rb4 f6 39. c4 dxc4 40.
Nxc4 Re4 41. Kd3 Rxf4 42. d5 Rxc4 43. Rxc4 Bxc4+ 44. Kxc4 Kf7 0-1

[Event "Mechanics' Fall TNM; 30/90, SD/30"]
[Site "San Francisco"]
[Date "2013.12.17"]
[Round "9.11"]
[White "Royzen, Igor"]
[Black "Agdamag, Samuel"]
[Result "1-0"]
[WhiteElo "1844"]
[BlackElo "1292"]
[PlyCount "115"]
[EventDate "2013.??.??"]

1. d4 Nf6 2. Bf4 d6 3. e3 c6 4. c4 Qc7 5. Nf3 Bg4 6. Be2 Nbd7 7. Nc3 Rd8 8. O-O
e5 9. Bg3 Be7 10. h3 Bh5 11. c5 O-O 12. Rc1 Rfe8 13. cxd6 Bxd6 14. Nb5 Qb8 15.
Nxd6 Qxd6 16. dxe5 Qxd1 17. Rfxd1 Bxf3 18. Bxf3 Nxe5 19. Bxe5 Rxd1+ 20. Rxd1
Rxe5 21. Rd8+ Re8 22. Rxe8+ Nxe8 23. Kf1 Kf8 24. Ke2 Ke7 25. Kd3 Nd6 26. b4 a6
27. a4 g6 28. Kd4 f6 29. Kc5 Kd7 30. Kb6 h6 31. h4 h5 32. Be2 f5 33. Bd3 Kc8
34. a5 Kd7 35. Bc2 Kc8 36. Bb3 Ne4 37. Bf7 Nxf2 38. Bxg6 Kb8 39. Bxf5 Nd1 40.
e4 Ne3 41. Bh3 Nc4+ 42. Kc5 Ne5 43. Kd4 Ng6 44. g3 Kc7 45. Bf5 Ne7 46. Ke5 Kd8
47. Kf6 c5 48. bxc5 Nc6 49. e5 Nxa5 50. e6 Nc6 51. Bg6 a5 52. Bxh5 a4 53. Bd1
a3 54. Bb3 Ke8 55. h5 Ne7 56. h6 Ng8+ 57. Kg7 Nxh6 58. Kxh6 1-0